| 000 | 03680cam a2200337 i 4500 | ||
|---|---|---|---|
| 003 | SA-RiAUC | ||
| 005 | 20260210143232.0 | ||
| 008 | 260209s2000 le g b 000r0 ara c | ||
| 020 | _a2745126598 | ||
| 020 | _a9782745126597 | ||
| 024 | 0 | _a00000001050380 | |
| 040 |
_aSA-JeALM _bara _cSA-RiAUC _dAE-DuMBRL _erda |
||
| 050 | 4 | _bA36 2000 | |
| 082 | 0 | 4 |
_a251 _qSA-RiAUC |
| 090 |
_a251 _bح س ن |
||
| 100 | 1 |
_aحسن، الحسيني بن عمر عبد الرحيم _eمؤلف. |
|
| 245 | 1 | 0 |
_aمعايير التأويل والمتأولين للعامة والمقصرين والمجتهدين / _cتأليف أبو عمرو الحسيني بن عمر بن عبد الرحيم بن حسن. |
| 250 | _aالطبعة الأولى. | ||
| 264 | 1 |
_aبيروت : _bدار الكتب العلمية، _c2000. |
|
| 300 |
_a142 صفحة ؛ _c24 سم. |
||
| 336 |
_aنص _btxt _2rdacontent _3كتاب |
||
| 337 |
_aبدون وسيط _bn _2rdamedia |
||
| 490 | 1 | _aمنشورات محمد علي بيضون لنشر كتب السنة والجماعة | |
| 504 | _aيشتمل على إرجاعات ببليوجرافية. | ||
| 504 | _aببليوجرافية : صفحة 135-137. | ||
| 520 | _aإن الاجتهاد والتأويل بحر خضم لا يخاض فيه إلا بأسطول متقابل المركبات عبارة عن مجموع العلوم والفنون والقواعد الشرعية واللغوية وغير ذلك من العلوم أن تمت جاز لصاحبها الاجتهاد وإن احتاج إلى البحث في بعض علومها، يحاول المؤلف الوقوف على معايير التأويل والمتأولين من خلال هذا الكتاب الذي قل الظفر بمجموعة في كتاب آخر، إلا ما هو موجود مغرقا في كثير من كتب السلف، أو القليل منها في مصنفات أصول الفقه وقد ضم أبواب أربعة : الباب الأول في أنواع المتأولين وأحكامهم وفيه ثلاثة فصول : الفصل الأول في المجتهد الكامل والثاني في المقصر والثالث في العامي، الباب الثاني في التأويل وفي ثلاثة فصول : الفصل الأول في الفرق بين المأول والمفسر والفصل الثاني في الرأي وكيفية استعمال العقل في الدين وفيه مسائل ووجوه وأدلة لأصحاب الرأي المطلق وردود مهمة عليها، أما الفصل الثالث ففيه معنى التأويل وأنواعه وشروطه وحكمة وإماراته، الباب الثالث في الألفاظ والحروف وما يأول منها وما لا يأول، ويشتمل على فصلين الأول في دلالة الألفاظ على معانيها وما يأول منها، والثاني في معاني بعض ستة فصول، الفصل الأول في الإلحاد، والثاني في المودة والثالث في تسويغ الكفر والإقرار به والرابع في الزندقة واستحلال المحرمات، والفصل الخامس في الخط بين الألفاظ الشرعية ومعانيها لتلبيس أحكامها على العامة، والفصل السادس في التشبيط، وقد تخلل هذه الفصول مسائل مهمة تعالج الكثير من القضايا المرتبطة بهذا العصر. | ||
| 650 | 7 |
_aأصول الفقه الإسلامي _2aucsh |
|
| 650 | 7 |
_aالفقه الإسلامي _xمذاهب _2aucsh |
|
| 942 |
_2ddc _cBOOK _n0 |
||
| 949 |
_aSA-JeALM _d260209 _uosman123 _n1 |
||
| 999 |
_c14295 _d14295 |
||